Quizzes
Events
Quiz Creation
Community
Videos
Private Events
Remove Ads
Sign In
Join for FREE
Feedback
Dark Mode
Quiz Categories
Sports
Geography
Music
Movies
Television
Just For Fun
Miscellaneous
History
Literature
Language
Science
Gaming
Entertainment
Religion
Holiday
For Kids
Quiz Lab
Recent
Popular Today
Quiz Kudos Today
Editor Picks
Curator Picks
Quizzes by...
Day
Popularity
Type
Ratings
Length
Year
Community
Subscriptions
Recent Discussions
Orange Saloon
Badges
Playlists
Quests
Create
Leaderboards
Showdown
Live 5
Trivia Bingo
Activity
Puzzle Library
Sporcle Events
Private Events
Virtual Trivia
Globe League
Become a Host
Pub Owners
SporcleCon
Opinionation
Our Games
Videos
Blog
Mobile Apps
Partnerships
Remove Ads and Go Orange
Feedback
Religion
Mythology
Religious Music
World Religions
Bible
Christianity
Catholicism
Judaism
Church
Scripture
Islam
Verse
Religion
Mythology
Religious Music
World Religions
Bible
Christianity
Catholicism
Judaism
Church
Scripture
Islam
Verse
Random Quiz
Search Sporcle
×
Quiz Lab
Quiz Lab
Religion
KJV
Type in answers that appear in a list
Type in answers that appear in a list
Classic
Best Score? Go Orange.
1 Thessalonians 5:17 - NIV & KJV Stats
Can you recite 1 Thessalonians 5:17 - NIV & KJV?
By
Taxmanjs
30s
5 Questions
34 Plays
34 Plays
34 Plays
Comments
Comments
Give Quiz Kudos
Give Quiz Kudos
-
- Ratings
hide this ad
Replay
Link that replays current quiz
Next Quiz
Link to next quiz in quiz playlist
You Got
0%
They Got
Avg Score
84%
Avg Friend Score
Upgrade to see
Score Distribution
Jump to the score distribution portion of the page
Score
0/5
Timer
00:30
0
Plays Today
Hint
Answer
% Correct
1 Thessalonians 5:17 -
NIV
Pray
97.1%
1 Thessalonians 5:17 -
KJV
Pray
97.1%
without
85.3%
ceasing
76.5%
This is how we should pray to God
continually
67.6%
Quiz Playlist
Details
Report
Send in Message
Add To Playlist
Classic:
Type in answers that appear in a list
Last Updated: Feb 16, 2020
Quiz Scoreboard
CHALLENGE
Sign Up to Join the Scoreboard
Show All
Scores
Hide
Comments
May contain spoilers
Recently Published
College Basketball Coaching Resumes
by pancakes188
Sports
9m
Billboard Blitz: Fleetwood Mac
by CooCooCachoo
Music
15s
Presidents Visiting Landmarks
by Hejman
History
7m
More to Explore
Quiz From the Vault
Featured Blog Post
Where Did the Easter Bunny Come From?
hide this ad
You Might Also Like...
Tags
KJV
NIV
recite
Today's Top Quizzes in Religion
Browse Religion
hide this ad
Today's Top Quizzes in KJV
Browse KJV
Top Contributed Quizzes in Religion
1
5-to-1: Children of Gods
2
5-to-1: European Churches
3
One Thing in Common: Mythology
4
One Thing in Common: Mythology II
5
10 to 1: Islam
6
Prime Time: Religion
7
One Thing in Common: Religion
8
Order Up: Seven Last Words of Christ
9
Mythological Creature Bunker
10
One Thing in Common: Religion and Mythology
Explore More
Trending Topics
Kpop
Anime
Disney
Crossword
NBA
Harry Potter
Marvel
Pokémon
Song
Puzzle
Soccer
Country
The Office
NFL
WWE
hide this ad
More By:
Taxmanjs
Quiz
Plays
Rating
Category
Featured
Created
Multiple US Open (Golf) Winners
25,609
4.36
Sports
Apr 2, 2015
Championship MVPs During the 1980s
12,122
4.43
Sports
Jul 25, 2021
Rock Musicians names Bob, Robbie or Robert
1,944
3.63
Music
Mar 26, 2020
Renamed in the Bible
1,305
4.71
Religion
Dec 16, 2019
Active home run & hits leaders going into 2018
1,133
2.75
Sports
Feb 23, 2018
Go to Creator's Profile
Score Distribution
Quiz Creator Spotlight
Taxmanjs
Follow
Send a Message
Quizzes Created
-
Created Quiz Play Count
-
More By This Creator
Popular Quizzes Today
1
Find the US States - No Outlines Minefield
2
Find the Countries of Europe - No Outlines Minefield
3
The Countries of the World
4
Find the US States
5
Risky Map Clicking: Biggest States A-Z
6
US States
7
Popular People in 1961
8
Movies - When Are They Set?
More Religion Quizzes
Six-Letter Biblical Figures
Curator's Pick
Trending Quizzes
Risky Map Clicking: Least Populous States A-Z
1-10 Letter G Words
1-10 Letter F Words
Risky Map Clicking: Next State Alphabetically
Risky Map Clicking: Biggest States A-Z
Recently Updated
Leaping Animals
pecheneg
Reality TV Shows (A-Z)
bhenderson79
Rickey Henderson's Hall of Fame Teammates
pecheneg
Champions League XIs: Arsenal
pecheneg
Quick Pick: Celebrities in WWE's Hall of Fame
aduchscher
A-Z Keypad Blitz II
pecheneg
Multiple Oscar Actors
pecheneg
Mystery Phrase Blitz: Oscar 'Best Actors'
pecheneg
F. Scott Fitzgerald Novels
LTH
Pick 3 Villains
ddd62291
Trending Topics
Anime
Marvel
Crossword
NBA
Harry Potter
Kpop
Disney
Soccer
Puzzle
Song
WWE
Pokémon
The Office
Country
NFL
Your Account Isn't Verified!
In order to create a playlist on Sporcle, you need to verify the email address you used during registration. Go to your
Sporcle Settings
to finish the process.
Report this User
Report this user for behavior that violates our
Community Guidelines
.
Details:
Send Report
Go to the Sporcle.com Mobile Site →
Comments